Every Song by 311 - Statistics

General Stats
  • This quiz has been taken 45 times
    43 since last reset
  • The average score is 51 of 238
Answer Stats
Album Band % Correct
From Chaos(2001) Amber
88%
311(1995) Down
81%
Transistor(1997) Transistor
75%
Grassroots(1994) Grassroots
63%
311(1995) All Mixed Up
56%
Transistor(1997) Beautiful Disaster
53%
From Chaos(2001) From Chaos
53%
311(1995) Jackolantern's Weather
53%
Music(1993) Unity
53%
Don't Tread on Me(2005) Don't Tread on Me
50%
311(1995) Guns (Are for Pussies)
50%
311(1995) Hive
50%
Music(1993) Hydroponic
50%
Evolver(2003) Creatures (For a While)
47%
From Chaos(2001) Champagne
44%
Soundsystem(1999) Come Original
44%
311(1995) Don't Stay Home
44%
Grassroots(1994) Homebrew
44%
Music(1993) Freak Out
41%
311(1995) Random
41%
311(1995) DLMD
38%
Soundsystem(1999) Eons
38%
Music(1993) Welcome
38%
Grassroots(1994) Applied Science
34%
Music(1993) Do You Right
34%
Music(Hidden)(1993) Fuck the Bullshit
34%
311(1995) Loco
34%
Grassroots(1994) Omaha Stylee
34%
Music(1993) Paradise
34%
311(1995) T & P Combo
34%
311(1995) Brodels
31%
Music(1993) Feels So Good
31%
Soundsystem(1999) Flowing
31%
Soundsystem(1999) Freeze Time
31%
From Chaos(2001) Hostile Apostle
31%
From Chaos(2001) I'll Be Here Awhile
31%
311(1995) Misdirected Hostility
31%
Music(1993) My Stoney Baby
31%
Music(1993) Nix Hex
31%
Soundsystem(1999) Sever
31%
311(1995) | 311(Bonus)(1995) Sweet
31%
Music(1993) Visit
31%
Don't Tread on Me(2005) Whiskey & Wine
31%
Grassroots(1994) 1,2,3
28%
Grassroots(1994) 8:16 a.m.
28%
Evolver(2003) Beyond the Gray Sky
28%
Transistor(1997) Electricity
28%
Uplifter(2009) India Ink
28%
Transistor(1997) Jupiter
28%
Grassroots(1994) Lose
28%
Grassroots(1994) Lucky
28%
Transistor(1997) Prisoner
28%
311(1995) Purpose
28%
Universal Pulse(2011) Sunset in July
28%
Transistor(1997) Use of Time
28%
From Chaos(2001) You Wouldn't Believe
28%
Transistor(1997) Borders
25%
Transistor(1997) Color
25%
Uplifter(2009) Daisy Cutter
25%
Music(1993) Fat Chance
25%
311(Bonus)(1995) Firewater
25%
Transistor(1997) Galaxy
25%
Evolver(2003) Give Me a Call
25%
Soundsystem(1999) Livin' & Rockin'
25%
Grassroots(1994) Nutsymtom
25%
Transistor(1997) Running
25%
Evolver(2003) Sometimes Jacks Rule the Realm
25%
Transistor(1997) Stealing Happy Hours
25%
Uplifter(2009) Two Drops in the Ocean
25%
Voyager(2019) What The?!
25%
Evolver(Hidden)(2003) Coda
22%
Evolver(2003) Crack the Code
22%
Dammit!(1990) Damn
22%
Mosaic(2017) Days of '88
22%
Evolver(2003) Don't Dwell
22%
Soundsystem(1999) Evolution
22%
311(Bonus)(1995) | Transistor(Bonus)(1997) Gap
22%
Mosaic(2017) Hey Yo
22%
Uplifter(Bonus)(2009) I Like the Way
22%
Transistor(1997) Inner Light Spectrum
22%
Don't Tread on Me(2005) It's Getting OK Now
22%
Soundsystem(1999) Large in the Margin
22%
Soundsystem(1999) Life's Not a Race
22%
Music(1993) Plain
22%
Evolver(2003) Reconsider Everything
22%
Unity(1991) Rollin'
22%
Grassroots(1994) Salsa
22%
STER30L1TH1C(2014) Sand Dollars
22%
Don't Tread on Me(2005) Solar Flare
22%
Soundsystem(1999) Strong All Along
22%
Mosaic(2017) Syntax Error
22%
Grassroots(1994) Taiyed
22%
Transistor(1997) Transistor Intro
22%
311(Bonus)(1995) Tribute
22%
From Chaos(2001) Uncalm
22%
From Chaos(2001) You Get Worked
22%
Transistor(1997) Creature Feature
19%
STER30L1TH1C(2014) Ebb and Flow
19%
Mosaic(2017) Face in the Wind
19%
Greatest Hits '93–'03(2004) First Straw
19%
STER30L1TH1C(2014) Five of Everything
19%
Don't Tread on Me(2005) Frolic Room
19%
From Chaos(2001) Full Ride
19%
Don't Tread on Me(2005) Getting Through to Her
19%
Uplifter(2009) Golden Sunlight
19%
Transistor(Bonus)(1997) Grifter
19%
Mosaic(2017) Inside Our Home
19%
Mosaic(2017) Island Sun
19%
Uplifter(2009) It's Alright
19%
Uplifter(2009) Jackpot
19%
311(Bonus)(1995) Juan Bond
19%
Soundsystem(1999) Mindspin
19%
Grassroots(1994) Offbeat Bare Ass
19%
Mosaic(2017) On a Roll
19%
Mosaic(2017) Places That the Mind Goes
19%
Transistor(1997) Rub a Dub
19%
Evolver(2003) Same Mistake Twice
19%
Evolver(2003) Seems Uncertain
19%
From Chaos(2001) Sick Tight
19%
Grassroots(1994) Six
19%
Dammit!(1990) Slinky
19%
Transistor(1997) Starshines
19%
Evolver(2003) Still Dreaming
19%
Don't Tread on Me(2005) Thank Your Lucky Stars
19%
Universal Pulse(2011) Time Bomb
19%
Mosaic(2017) Too Much to Think
19%
Universal Pulse(2011) Trouble
19%
STER30L1TH1C(Bonus)(2014) Vape'n Away
19%
From Chaos(2001) Wake Your Mind Up
19%
Universal Pulse(2011) Weightless
19%
Transistor(1997) What Was I Thinking
19%
Mosaic(2017) Wildfire
19%
Universal Pulse(2011) And a Ways to Go
16%
Soundsystem(Bonus)(1999) Blizza
16%
From Chaos(Bonus)(2001) Bomb the Town
16%
STER30L1TH1C(2014) Boom Shanka
16%
Soundsystem(Bonus)(1999) Cali Soca
16%
Voyager(2019) Crossfire
16%
Unity(1991) C.U.T.M.
16%
Voyager(2019) Don't You Worry
16%
Dammit!(1990) Down South
16%
Mosaic(2017) Extension
16%
Uplifter(Bonus)(2009) Get Down
16%
Uplifter(2009) Hey You
16%
Greatest Hits '93–'03(2004) How Do You Feel?
16%
From Chaos(2001) I Told Myself
16%
Transistor(Bonus)(1997) Lemming
16%
311(Bonus)(1995) Let the Cards Fall
16%
Transistor(1997) Light Years
16%
Don't Tread on Me(Bonus)(2005) Little Brother
16%
Don't Tread on Me(2005) Long for the Flowers
16%
Uplifter(2009) Mix it Up
16%
Uplifter(2009) Never Ending Summer
16%
Transistor(1997) No Control
16%
Mosaic(2017) One and the Same
16%
Mosaic(2017) Perfect Mistake
16%
STER30L1TH1C(2014) Showdown
16%
Grassroots(1994) Silver
16%
Hydroponic(1992) Soulsucker
16%
Voyager(2019) Space and Time
16%
Don't Tread on Me(2005) Speak Easy
16%
Transistor(1997) Strangers
16%
Dammit!(1990) | Grassroots(Bonus)(1994) Summer of Love
16%
Uplifter(Bonus)(2009) Sun Come Through
16%
Transistor(1997) The Continuous Life
16%
Mosaic(2017) The Night is Young
16%
Don't Tread on Me(2005) There's Always an Excuse
16%
Dammit!(1990) This Too Shall Pass
16%
Mosaic(2017) 'Til the City's on Fire
16%
Mosaic(2017) Too Late
16%
Uplifter(2009) Too Much Too Fast
16%
Transistor(1997) Tune In
16%
311(Bonus)(1995) Who's Got the Herb?
16%
Voyager(2019) Better Space
13%
Soundsystem(1999) Can't Fade Me
13%
Universal Pulse(2011) Count Me In
13%
Soundsystem(Bonus)(1999) Dancehall
13%
Voyager(2019) Dodging Raindrops
13%
Voyager(2019) Dream State
13%
Transistor(Bonus)(1997) Earth People
13%
STER30L1TH1C(2014) First Dimension
13%
Mosaic(2017) Forever Now
13%
Uplifter(Bonus)(2009) How Long Has It Been
13%
Voyager(2019) Lucid Dreams
13%
STER30L1TH1C(2014) Made in the Shade
13%
STER30L1TH1C(2014) Make it Rough
13%
Uplifter(2009) My Heart Sings
13%
Transistor(Bonus)(1997) Old Funk
13%
Evolver(2003) Other Side of Things
13%
STER30L1TH1C(2014) Revelation of the Year
13%
Unity(1991) Right Now
13%
Universal Pulse(2011) Rock On
13%
Soundsystem(Bonus)(1999) Seal the Deal
13%
Uplifter(2009) Something Out of Nothing
13%
Transistor(Bonus)(1997) Space Funk
13%
Voyager(2019) Stainless
13%
STER30L1TH1C(2014) The Call
13%
STER30L1TH1C(2014) The Great Divide
13%
Transistor(Bonus)(1997) The Quickening
13%
Hydroponic(1992) Today My Love
13%
Don't Tread on Me(2005) Waiting
13%
From Chaos(Bonus)(2001) We Do It Like This
13%
Uplifter(Bonus)(2009) Week of Saturdays
13%
Evolver(Bonus)(2003) What Do You Do?
13%
Universal Pulse(2011) Wild Nights
13%
From Chaos(Bonus)(2001) Will the World
13%
Transistor(Bonus)(1997) Writer's Block Party
13%
Voyager(2019) Charge it Up
9%
From Chaos(Bonus)(2001) Dreamland
9%
Transistor(Bonus)(1997) Everything
9%
STER30L1TH1C(2014) Existential Hero
9%
STER30L1TH1C(2014) Friday Afternoon
9%
Voyager(2019) Good Feeling
9%
Don't Tread on Me(Bonus)(2005) Into the Flame
9%
311(Bonus)(1995) Next
9%
Dammit!(1990) Peaceful Revolution
9%
Voyager(2019) Rolling Through
9%
STER30L1TH1C(2014) Simple True
9%
Uplifter(Bonus)(2009) Simplify
9%
Evolver(Bonus)(2003) Time is Precious
9%
STER30L1TH1C(2014) Tranquility
9%
From Chaos(Bonus)(2001) Are You Ready?
6%
Voyager(2019) Born to Live
6%
Dammit!(1990) Independence Day
6%
311(Bonus)(1995) Outside
6%
Music(Hidden)(1993) Ragga Drop
6%
Don't Tread on Me(Bonus)(2005) Stealing My Girl
6%
Don't Tread on Me(Bonus)(2005) Take My Money
6%
Transistor(Hidden)(1997) Empty Space
3%
STER30L1TH1C(Hidden)(2014) Hidden Track
3%
Dammit!(1990) Push it Away
3%
Don't Tread on Me(Bonus)(2005) T.H.A.W.
3%
Dammit!(1990) !@#$ the &*?=!
3%
Dammit!(1990) Thriving to the Scene
3%
Dammit!(1990) To Be Honest
3%
No matching quizzes found
Score Distribution
Percent of People with Each Score
Percentile by Number Answered
Your Score History
You have not taken this quiz since the last reset